Регионална библиотека "Любен Каравелов" - Русе

Организация на вагонното стопанство на БДЖ (Запис номер 125036)

MARC детайли
000 -Лидер
Контролно поле с фиксирана дължина nam a22 a 4500
003 - Код на организацията, давaща контролен номер
Контролно поле BLK
005 - Дата и час на последна редакция
Контролно поле 20220526135511.0
008 - Елементи от данни с фиксирана дължина
fixed length control field 180409b bul|||||r ||||||| ||bul||
010 ## - Наследен системен номер
LC control number KNG00130705000
040 ## - Източник на каталожния запис
Идентификатор на билиотеката - собственик на записа BLK
041 ## - Код за език
Код за езика на текст/звукозапис или на отделно заглавие Български
Код за езика КДБФ Български
080 ## - УДК
Текстов определител УДК Експлоатация на железопътния транспорт (Вж и 625.1 ; 629.4)
УДК код - определител по УДК 656.2
УДК определител (497.2)
УДК - код + определител 656.2(497.2)
080 ## - УДК
Текстов определител УДК Вагонни и локомотивни депа
УДК код - определител по УДК 629.47
УДК определител .008(497.2)
УДК - код + определител 629.47.008(497.2)
100 1# - Редна дума - Автор
Автор Барбов, Тома Стефанов
Авторска отговорност първи автор
R(LIN) 319135
139 ## - Редно поле
Редна дума Барбов, Тома Стефанов и др.
Авторски знак Бар - Б 26
245 10 - Сведения за заглавието
Заглавие Организация на вагонното стопанство на БДЖ
Редно поле (дума) Тома Стефанов Барбов; съавт. Александър Л. Попов.
257 ## - Страна на издаване
Страна на създаване/издаване България
260 ## - Област на издателските данни
Място на издаване, разпространение и проч. София
Име на издателя, разпространителя и проч. Техника
Година на издаване 1966
Печатница Коларовград : Г. Димитров
300 ## - Физическа характеристика
Страници 188 с.
Илюстрации и др. с черт., 2 л. сх.
Размери/Мащаб 25 см
380 ## - Жанр
Жанр Обществени науки
500 ## - Общи забележки
Забележка 2 280 тир.
650 #4 - Допълнително описание по предмет – тема
Основно описание – тема или топоним Транспорт, железопътен - стопанска дейност
9 (RLIN) 316637
651 #4 - Допълнително описание по предмет - топоним
Географско понятие България
9 (RLIN) 241624
653 ## - Ключова дума – ненормативна
Ключова дума железопътен транспорт
653 ## - Ключова дума – ненормативна
Ключова дума вагони
653 ## - Ключова дума – ненормативна
Ключова дума БДЖ
700 1# - Други автори (авторска отговорност)
Лично име Попов, Александър Л.
Автороска отговорност (Описва отношението между автора и произведението) съавт.
9 (RLIN) 319149
852 ## - Местоположение
Форматна сигнатура Цб 37127
Фондова буква Хранилище
856 4# - Електронен адрес и достъп
Електронен формат pdf - файл
856 4# - Електронен адрес и достъп
Електронен формат pdf - файл
999 ## - СИСТЕМНИ КОНТРОЛНИ НОМЕРА
Koha biblionumber 125036
Koha biblioitemnumber 125036
942 ## - АРТИКУЛИ
Вид на библиотечния материал Книги
Скрит в OPAC Не
Периодичен библиозапис Да
944 ## - СЪЗДАВАНЕ И РЕДАКЦИЯ на ЗАПИСА
Създаване/Редакция Създаване
Дата на регистрацията/редакция 18.05.2012
Статус, дата на статуса 18.05.2012 - от С1,Р / 18.05.2012
Служител, извършил регистрацията/редакцията Севдалина_Василева
944 ## - СЪЗДАВАНЕ И РЕДАКЦИЯ на ЗАПИСА
Създаване/Редакция Редакция
Дата на регистрацията/редакция 18.05.2012
Статус, дата на статуса 18.05.2012 - от С1,Р / 18.05.2012
Наличности
Код за отписване Код за изгубен артикул Източник на класификационната схема Код за повреда Коз за рестрикции Код за отдаване Артикулен № Име на библиотеката - собственик Име на библиотеката, в която се намира в момента Статус (Текущо местоположение) Дата на вписване в системата Местоположение - отдел Цена в лева Инвентарен номер Систематично азбучна сигнатура Баркод Номер на екземпляра Цена в евро Служебна бележка Служебен тип на артикула
  Не е изгубен Universal Decimal Classification Не е повреден само за читалня ползва се в читалня 203153 Регионална библиотека "Любен Каравелов" Русе Регионална библиотека "Любен Каравелов" Русе Хранилище 1966-01-01 Хранилище 0.46 4491/66 Цб 37127 900000097217 1 0.24 Дост: Dp Вид: Д N: стар фонд Дата: 01.01.1966 Книги
Изтеглен Не е изгубен Universal Decimal Classification Не е повреден без рестрикции заемане за дома 203154 Регионална библиотека "Любен Каравелов" Русе Регионална библиотека "Любен Каравелов" Русе Заемна - подръчен фонд 1966-01-01 Заемна - подръчен фонд 0.00 5738/66 П 656/Б 26 5738/66 2 0.00 Дост: Pk Вид: Ф N: стар фонд Дата: 01.01.1966 Книги
Vip Innovations Ltd, Rousse, Bulgaria 2025